000 00926nam a22003017a 4500
003 CHAP
005 20220329134700.0
008 971013s1969 r 00010 d
010 _a24143
011 _a25115
035 _a29215
040 _cCHAP
082 _a636.08
_bB74 1969
100 0 0 _aBriggs, Hilton Marshall.
_915341
245 _aModern breeds of livestock
250 _a3 ed.
260 _a(New York) :
_bMacMillan,
_c1969
300 _a714 p.
_b: ilus.
590 _aBATCH-UPD
_b10
_c20130110
_lUCH01
_h1830
590 _aBATCH-UPD
_b10
_c20130410
_lUCH01
_h1202
590 _aBATCH-UPD
_b10
_c20130914
_lUCH01
_h1456
590 _aCONVERSION
_b10
_c20130109
_lUCH01
_h1314
650 1 4 _aGanaderĂ­a.
_944604
901 _aBK
942 _cLIBRO
949 _a636.08 B74 1969
_bBC
_cLIBRO
_d33724000257945
_eLIBRO
_h28089
_i29215
_si
949 _a636.08 B74 1969
_bBC
_cLIBRO
_d33724000257952
_eLIBRO
_fc.2
_h41506
_i29215
_si
999 _c24143
_d24143